[Event "PRO League Group Stage"]
[Site "chess.com INT"]
[Date "2020.01.15"]
[Round "2"]
[White "Admiraal, Miguoel"]
[Black "Tomczak, Jacek"]
[Result "0-1"]
[WhiteTitle "IM"]
[BlackTitle "GM"]
[WhiteElo "2498"]
[BlackElo "2603"]
[WhiteTeam "Netherlands Mosquitoes"]
[BlackTeam "Germany Bears"]
[WhiteFideId "1019716"]
[BlackFideId "1124668"]
[EventDate "2020.01.06"]

1. d4 Nf6 2. Bg5 d5 3. Nd2 c5 4. e3 Nc6 5. Ngf3 Qb6 6. dxc5 Qxb2 7. Rb1 Qc3 8.
Bb5 Ne4 9. O-O Qxc5 10. Nxe4 dxe4 11. Nd4 Bd7 12. Bh4 e5 13. Nxc6 Bxc6 14. Bxc6+
Qxc6 15. Qg4 b6 16. Rfd1 h6 17. c4 g5 18. Bg3 Bg7 19. Rd5 O-O 20. Bxe5 Qxc4 21.
Bxg7 Qxd5 22. Bxh6 Rfe8 23. Bxg5 Qe6 24. Qh4 Kg7 25. Rb5 Rac8 26. h3 Rc5 27. Rb4
Rh8 28. Qg3 Qg6 29. h4 f6 30. Bf4 Qxg3 31. Bxg3 Re8 32. Rd4 Re7 33. a4 Kg6 34.
Bf4 Kf5 35. g3 Rc2 36. Kg2 a6 37. Rd5+ Kg6 38. h5+ Kf7 39. Rd6 Re6 40. Rd7+ Re7
41. Rd6 Rb7 42. h6 Kg6 43. Rd8 b5 44. axb5 axb5 45. Rd6 Rc5 46. g4 b4 47. g5 Rf5
48. Kg3 b3 49. gxf6 Rxf6 50. Rd1 b2 51. Rb1 Kf5 52. h7 Rg6+ 0-1

[Event "PRO League Group Stage"]
[Site "chess.com INT"]
[Date "2020.01.15"]
[Round "2"]
[White "Braun, Arik"]
[Black "Spoelman, Wouter"]
[Result "1-0"]
[WhiteTitle "GM"]
[BlackTitle "GM"]
[WhiteElo "2605"]
[BlackElo "2578"]
[WhiteTeam "Germany Bears"]
[BlackTeam "Netherlands Mosquitoes"]
[WhiteFideId "4663527"]
[BlackFideId "1010891"]
[EventDate "2020.01.06"]

1. Nf3 d5 2. e3 Nf6 3. c4 c6 4. Nc3 e6 5. b3 Nbd7 6. Bb2 Bd6 7. Qc2 O-O 8. Be2
b6 9. O-O Bb7 10. d4 Qe7 11. e4 dxe4 12. Nxe4 Nxe4 13. Qxe4 Nf6 14. Qh4 c5 15.
Rfe1 cxd4 16. Nxd4 Nd7 17. Qh3 Ne5 18. Bf1 Qf6 19. Re3 Ng6 20. Bc3 Nf4 21. Qg4
h5 22. Qd1 Be5 23. Nb5 Bxc3 24. Nxc3 Rad8 25. Qc2 h4 26. Rae1 Rd7 27. Ne4 Qg6
28. g3 Rfd8 29. Qc1 Nd3 30. Bxd3 Rxd3 31. Rxd3 Rxd3 32. Qf4 Bxe4 33. Rxe4 Rd1+
34. Kg2 f5 35. Qb8+ Kf7 36. Rxh4 Qf6 37. Qc7+ Kg6 38. Qc8 Kf7 39. Rh8 Qe7 40.
Qg8+ Kf6 41. h4 Qd7 42. Qf8+ Ke5 43. Qb8+ Ke4 44. Qa8+ Ke5 45. Re8 Qd3 46. Qb8+
Ke4 47. Qf4# 1-0

[Event "PRO League Group Stage"]
[Site "chess.com INT"]
[Date "2020.01.15"]
[Round "2"]
[White "Baramidze, David"]
[Black "Van Wely, Loek"]
[Result "1/2-1/2"]
[WhiteTitle "GM"]
[BlackTitle "GM"]
[WhiteElo "2597"]
[BlackElo "2609"]
[WhiteTeam "Germany Bears"]
[BlackTeam "Netherlands Mosquitoes"]
[WhiteFideId "4667719"]
[BlackFideId "1000268"]
[EventDate "2020.01.06"]

1. Nf3 d5 2. c4 c6 3. e3 Nf6 4. b3 Bg4 5. Bb2 Nbd7 6. h3 Bh5 7. Be2 e6 8. O-O
Bd6 9. d4 O-O 10. Nbd2 Qb8 11. Re1 Rd8 12. Rc1 a5 13. a3 Re8 14. Qc2 Bg6 15. Bd3
Bxd3 16. Qxd3 h6 17. e4 dxe4 18. Nxe4 Nxe4 19. Rxe4 Qc7 20. d5 Nc5 21. Qc3 e5
22. Re2 cxd5 23. cxd5 Qb6 24. Nxe5 Qxb3 25. Qd4 f6 26. f4 fxe5 27. fxe5 Bf8 28.
e6 Nd3 29. e7 Rxe7 30. Rxe7 Qxb2 31. Qxb2 Nxb2 32. Rxb7 Nd3 33. Rc6 Rd8 34. Rb5
a4 35. Rc4 Bxa3 36. Rc3 Bc5+ 37. Rcxc5 Nxc5 38. Rxc5 a3 39. Ra5 a2 40. Rxa2 Rxd5
41. Ra7 Rd2 1/2-1/2

[Event "PRO League Group Stage"]
[Site "chess.com INT"]
[Date "2020.01.15"]
[Round "2"]
[White "Plichta, Kamil"]
[Black "Moroni, Luca Jr"]
[Result "0-1"]
[WhiteTitle "FM"]
[BlackTitle "GM"]
[WhiteElo "2353"]
[BlackElo "2532"]
[WhiteTeam "Poland Hussars"]
[BlackTeam "Italy Gladiators"]
[WhiteFideId "1141830"]
[BlackFideId "865834"]
[EventDate "2020.01.06"]

1. d4 Nf6 2. Bg5 e6 3. e4 h6 4. Bxf6 Qxf6 5. c3 d6 6. Bc4 Nd7 7. Ne2 a6 8. O-O
b5 9. Bd3 Bb7 10. f4 g6 11. Nd2 Bg7 12. e5 Qe7 13. Nb3 O-O 14. Na5 Bd5 15. b3
Rab8 16. c4 bxc4 17. Bxc4 Ba8 18. Qd2 Rfd8 19. Qc3 dxe5 20. dxe5 Qc5+ 21. Kh1
Nxe5 22. fxe5 Bxe5 23. Qh3 Bxa1 24. Rxa1 Qxa5 25. Bxe6 Qe5 26. Bxf7+ Kxf7 27.
Rf1+ Kg7 28. Nf4 Qxf4 29. Qc3+ Qd4 30. Qxc7+ Qd7 31. Qe5+ Kh7 0-1

[Event "PRO League Group Stage"]
[Site "chess.com INT"]
[Date "2020.01.15"]
[Round "2"]
[White "Sadzikowski, Daniel"]
[Black "Valsecchi, Alessio"]
[Result "0-1"]
[WhiteTitle "GM"]
[BlackTitle "GM"]
[WhiteElo "2501"]
[BlackElo "2512"]
[WhiteTeam "Poland Hussars"]
[BlackTeam "Italy Gladiators"]
[WhiteFideId "1132253"]
[BlackFideId "818860"]
[EventDate "2020.01.06"]

1. d4 Nf6 2. c4 c5 3. d5 g6 4. Nc3 Bg7 5. g3 e5 6. Bg2 d6 7. Nf3 O-O 8. O-O Nbd7
9. e4 a6 10. a4 Ne8 11. Bd2 Rb8 12. a5 h6 13. Na4 f5 14. Nh4 Qf6 15. exf5 gxf5
16. f4 e4 17. Bc3 Qf7 18. Bh3 Bxc3 19. Nxc3 Ng7 20. Qd2 Nf6 21. Nd1 b5 22. axb6
Rxb6 23. Ne3 Ng4 24. Bxg4 fxg4 25. f5 Qf6 26. Nxg4 Qd4+ 27. Rf2 Qxd2 28. Rxd2 h5
29. Ne3 Bxf5 30. Rf1 Bd7 31. Rxf8+ Kxf8 32. Kf2 Rb3 33. Re2 Kf7 34. Nhg2 Ne8 35.
Nf4 Nf6 36. h3 a5 37. Ke1 a4 38. Kd2 Rxb2+ 39. Kc1 Rxe2 40. Nxe2 Bxh3 41. Nf4
Bd7 42. Kb2 Ng4 43. Nxg4 Bxg4 44. Ka3 Bd1 45. Ng2 Kf6 46. Ne3 Bb3 47. Kb2 Ke5
48. Kc3 Kf6 49. Kb2 Kg5 50. Kc3 Kg6 51. Kb2 Kf6 52. Kc3 Ke5 53. Ng2 Ba2 54. Ne3
a3 55. Nc2 Bxc4 56. Kxc4 a2 57. Kb3 Kxd5 58. Kxa2 Kc4 59. Kb2 Kd3 60. Kc1 d5 61.
Kd1 d4 62. Ne1+ Ke3 63. Nc2+ Kf2 64. Kd2 Kxg3 65. Na3 Kf2 0-1

[Event "PRO League Group Stage"]
[Site "chess.com INT"]
[Date "2020.01.15"]
[Round "2"]
[White "Sonis, Francesco"]
[Black "Piorun, Kacper"]
[Result "0-1"]
[WhiteTitle "IM"]
[BlackTitle "GM"]
[WhiteElo "2458"]
[BlackElo "2611"]
[WhiteTeam "Italy Gladiators"]
[BlackTeam "Poland Hussars"]
[WhiteFideId "895733"]
[BlackFideId "1130420"]
[EventDate "2020.01.06"]

1. c4 e5 2. Nc3 d6 3. d4 Nd7 4. Nf3 Ngf6 5. e4 Be7 6. Be2 O-O 7. O-O Re8 8. Re1
Bf8 9. Bf1 c6 10. b3 a6 11. Bb2 b5 12. cxb5 cxb5 13. dxe5 dxe5 14. a4 bxa4 15.
Nxa4 Bb7 16. Nd2 Bb4 17. Bc3 Qe7 18. Bc4 Rad8 19. Qe2 Bxc3 20. Nxc3 Nb8 21. Nf1
Qb4 22. Rec1 Nc6 23. Nd5 Nxd5 24. Bxd5 Nd4 25. Qc4 Qxc4 26. Bxc4 Rd6 27. f3 Rb6
28. Rcb1 Kf8 29. Ne3 Rb8 30. Ra5 f6 31. Kf2 Bc8 32. Nd5 Rc6 33. Raa1 Be6 34. g3
a5 35. Rc1 Nxb3 36. Bxb3 Rxc1 37. Rxc1 Rxb3 38. Rc6 Bxd5 39. exd5 Rd3 40. d6 a4
41. Ra6 a3 42. Ra8+ Kf7 43. d7 Rxd7 44. Rxa3 Rd2+ 45. Kg1 h5 46. h4 Kg6 47. Rb3
Ra2 48. Rc3 Kf5 49. Rb3 g6 50. Rc3 Rb2 51. Ra3 Ke6 52. Ra6+ Kf5 53. Ra3 g5 54.
hxg5 fxg5 55. Rc3 g4 56. fxg4+ hxg4 57. Kf1 Rd2 58. Ke1 Rg2 59. Kf1 Ra2 60. Ke1
Ke4 61. Rb3 Ra1+ 62. Ke2 Ra2+ 63. Ke1 Ra4 64. Ke2 Rd4 65. Re3+ Kd5 66. Ra3 Rb4
67. Ke3 Rb2 68. Ra5+ Ke6 69. Ra3 Kf5 70. Ra8 Rg2 71. Rf8+ Ke6 72. Re8+ Kf6 73.
Ke4 Rxg3 74. Rxe5 Rf3 75. Re8 Kg5 76. Rg8+ Kh4 77. Rg7 Kg3 78. Ra7 Rf1 79. Ra2
Kh3 80. Ra3+ g3 81. Rb3 Kh2 82. Rb2+ g2 83. Ke3 Kh1 84. Rb8 g1=Q+ 0-1

[Event "PRO League Group Stage"]
[Site "chess.com INT"]
[Date "2020.01.15"]
[Round "2"]
[White "Lodici, Lorenzo"]
[Black "Bartel, Mateusz"]
[Result "1/2-1/2"]
[WhiteTitle "IM"]
[BlackTitle "GM"]
[WhiteElo "2477"]
[BlackElo "2639"]
[WhiteTeam "Italy Gladiators"]
[BlackTeam "Poland Hussars"]
[WhiteFideId "884189"]
[BlackFideId "1112635"]
[EventDate "2020.01.06"]

1. d4 f5 2. Nf3 Nf6 3. g3 g6 4. Bg2 Bg7 5. O-O O-O 6. b3 Nc6 7. Bb2 Ne4 8. Nbd2
d6 9. Ne1 Ng5 10. f4 Nf7 11. Ndf3 e5 12. fxe5 dxe5 13. d5 Ne7 14. c4 c6 15. dxc6
Nxc6 16. Nc2 e4 17. Nfd4 Qb6 18. e3 Nce5 19. Bc3 Rd8 20. Qe2 a5 21. Rad1 Bd7 22.
Na3 h5 23. Nb1 h4 24. gxh4 Bh6 25. Bh3 Kh7 26. Be1 Nf3+ 27. Nxf3 exf3 1/2-1/2

[Event "PRO League Group Stage"]
[Site "chess.com INT"]
[Date "2020.01.15"]
[Round "2"]
[White "Meier, Georg"]
[Black "Admiraal, Miguoel"]
[Result "1-0"]
[WhiteTitle "GM"]
[BlackTitle "IM"]
[WhiteElo "2629"]
[BlackElo "2498"]
[WhiteTeam "Germany Bears"]
[BlackTeam "Netherlands Mosquitoes"]
[WhiteFideId "4675789"]
[BlackFideId "1019716"]
[EventDate "2020.01.06"]

1. Nf3 d5 2. g3 Bg4 3. Bg2 c6 4. h3 Bxf3 5. Bxf3 e6 6. d3 Bd6 7. Nd2 Qc7 8. O-O
h5 9. Bg2 Nd7 10. Nf3 Ne7 11. e4 Ng6 12. h4 dxe4 13. dxe4 O-O-O 14. Qe2 Nde5 15.
Nh2 Kb8 16. Be3 Nd7 17. Nf3 Bc5 18. Nd4 Nge5 19. Rad1 Ng4 20. Bg5 Rde8 21. c3 g6
22. b4 Bb6 23. c4 f6 24. Bc1 Bxd4 25. Rxd4 c5 26. bxc5 Nxc5 27. Rfd1 Rd8 28. Ba3
Rxd4 29. Rxd4 Rc8 30. Bh3 Ne5 31. Qe3 Qb6 32. Kg2 Nc6 33. Rd6 1-0

[Event "PRO League Group Stage"]
[Site "chess.com INT"]
[Date "2020.01.15"]
[Round "2"]
[White "Tomczak, Jacek"]
[Black "Klein, David"]
[Result "1-0"]
[WhiteTitle "GM"]
[BlackTitle "GM"]
[WhiteElo "2603"]
[BlackElo "2495"]
[WhiteTeam "Germany Bears"]
[BlackTeam "Netherlands Mosquitoes"]
[WhiteFideId "1124668"]
[BlackFideId "1003623"]
[EventDate "2020.01.06"]

1. e4 c5 2. Nf3 e6 3. d4 cxd4 4. Nxd4 Nc6 5. Nc3 Qc7 6. Be2 a6 7. O-O Nf6 8. Be3
Be7 9. f4 d6 10. Qe1 O-O 11. Qg3 Nxd4 12. Bxd4 b5 13. a3 Bb7 14. Rae1 Rad8 15.
Kh1 Rd7 16. Bd3 Re8 17. a4 b4 18. Na2 Qa5 19. b3 Bd8 20. Qf2 Ng4 21. Qe2 Nf6 22.
Qd2 e5 23. Bb2 exf4 24. Qxf4 Qc5 25. Qg3 Kh8 26. Rf5 Qb6 27. a5 Qa7 28. Nxb4 Re6
29. Rg5 g6 30. Bc4 Rxe4 31. Rf1 Kg7 32. Rgf5 Re5 33. Bxe5 dxe5 34. Rxe5 Bc7 35.
Nd3 Qd4 36. Qg5 Bxe5 37. Nxe5 Ne4 38. Qf4 Re7 39. Nxf7 g5 40. Nxg5 1-0

[Event "PRO League Group Stage"]
[Site "chess.com INT"]
[Date "2020.01.15"]
[Round "2"]
[White "Van Wely, Loek"]
[Black "Braun, Arik"]
[Result "1-0"]
[WhiteTitle "GM"]
[BlackTitle "GM"]
[WhiteElo "2609"]
[BlackElo "2605"]
[WhiteTeam "Netherlands Mosquitoes"]
[BlackTeam "Germany Bears"]
[WhiteFideId "1000268"]
[BlackFideId "4663527"]
[EventDate "2020.01.06"]

1. Nf3 Nf6 2. c4 e6 3. g3 d5 4. Bg2 d4 5. O-O c5 6. d3 Nc6 7. e3 Bd6 8. exd4
cxd4 9. Bg5 h6 10. Bxf6 Qxf6 11. Nbd2 Qe7 12. a3 a5 13. Re1 O-O 14. Rc1 Rd8 15.
Ne4 Bc7 16. c5 e5 17. Nfd2 Be6 18. Nc4 a4 19. Ned6 Bxc4 20. Nxc4 Ra6 21. h4 Qf6
22. Qg4 Ra7 23. Re2 Na5 24. Nxa5 Bxa5 25. c6 bxc6 26. Rxc6 Rd6 27. Rc5 Qe6 28.
Qh5 f6 29. Rec2 Bd8 30. Be4 Qf7 31. Qf5 g6 32. Qxg6+ Qxg6 33. Bxg6 Rb7 34. Be4
Rb8 35. R5c4 Ra6 36. Bc6 Kg7 37. Bxa4 f5 38. Bd7 Kf6 39. Rc6+ Rxc6 40. Rxc6+ Ke7
41. Bxf5 Rxb2 42. Rxh6 Kf7 43. Ra6 Be7 44. h5 Bg5 45. h6 Rb8 46. a4 Rh8 47. h7
Kg7 48. Rg6+ 1-0

[Event "PRO League Group Stage"]
[Site "chess.com INT"]
[Date "2020.01.15"]
[Round "2"]
[White "Spoelman, Wouter"]
[Black "Baramidze, David"]
[Result "1/2-1/2"]
[WhiteTitle "GM"]
[BlackTitle "GM"]
[WhiteElo "2578"]
[BlackElo "2597"]
[WhiteTeam "Netherlands Mosquitoes"]
[BlackTeam "Germany Bears"]
[WhiteFideId "1010891"]
[BlackFideId "4667719"]
[EventDate "2020.01.06"]

1. c4 c5 2. Nf3 Nc6 3. d4 cxd4 4. Nxd4 Nf6 5. Nc3 e6 6. a3 Bc5 7. Nb3 Be7 8. e4
O-O 9. Be2 Qc7 10. O-O Rd8 11. Be3 b6 12. Rc1 Bb7 13. f4 Rac8 14. Bf3 Qb8 15.
Qe2 Ba6 16. Rfd1 Na5 17. Nxa5 bxa5 18. Nb5 d5 19. exd5 exd5 20. Bxa7 Bc5+ 21.
Bxc5 Rxc5 22. Qe3 Rxc4 23. Rxc4 dxc4 24. Rxd8+ Qxd8 25. Nc3 h5 26. g3 Qb8 27.
Na4 c3 28. Nxc3 Qxb2 29. Ne2 a4 30. Qc3 Qb1+ 31. Kg2 Bb7 32. Bxb7 Qxb7+ 33. Qf3
Qb2 34. h3 Qc2 35. Qe3 g6 36. Kf2 Ne4+ 37. Kf3 f5 38. Qd4 Qb3+ 39. Kg2 Qxa3 40.
Qc4+ Kg7 41. Qc7+ Kh6 42. Qe5 Kh7 43. Qc7+ Kg8 44. Qc4+ Kg7 45. Qc7+ Kh6 46. Qe5
Qf8 47. g4 Qg7 48. g5+ Kh7 49. Qa5 Qd7 50. Qb4 Kg8 51. Nd4 Qd5 52. Qb8+ Kf7 53.
Qc7+ Ke8 54. Qc8+ Ke7 55. Qc7+ Ke8 56. Qc8+ Qd8 57. Qc6+ Kf7 58. Qxa4 Qd5 59.
Qa7+ Ke8 60. Qb8+ Kd7 61. Qa7+ Kc8 62. Qa6+ Kd7 63. Qa7+ Kc8 64. Qa6+ Kd7 65.
Qa7+ 1/2-1/2

[Event "PRO League Group Stage"]
[Site "chess.com INT"]
[Date "2020.01.15"]
[Round "2"]
[White "Moroni, Luca Jr"]
[Black "Sadzikowski, Daniel"]
[Result "1/2-1/2"]
[WhiteTitle "GM"]
[BlackTitle "GM"]
[WhiteElo "2532"]
[BlackElo "2501"]
[WhiteTeam "Italy Gladiators"]
[BlackTeam "Poland Hussars"]
[WhiteFideId "865834"]
[BlackFideId "1132253"]
[EventDate "2020.01.06"]

1. d4 Nf6 2. Bf4 e6 3. e3 b6 4. Nf3 Be7 5. h3 c5 6. Nbd2 O-O 7. c3 cxd4 8. exd4
Ba6 9. Bxa6 Nxa6 10. O-O d6 11. Qe2 Nc7 12. Rfe1 Qc8 13. c4 a5 14. Rac1 Na6 15.
Bg5 Re8 16. b3 Qb7 17. Qd3 Rac8 18. Bxf6 Bxf6 19. Ne4 Be7 20. Neg5 g6 21. Qe3
Bf8 22. Ne4 Qe7 23. Qf4 Kg7 24. Neg5 h6 25. Ne4 Nb4 26. Qd2 Qc7 27. a3 Na6 28.
b4 axb4 29. axb4 Ra8 30. b5 Nb8 31. Qf4 f5 32. Ng3 Nd7 33. h4 e5 34. dxe5 dxe5
35. Qd2 Nf6 36. Qc3 Bc5 37. Rc2 e4 38. Nd4 Qe5 39. Rd2 Kg8 40. h5 Rad8 41. Red1
f4 42. Nge2 e3 43. fxe3 Qxe3+ 44. Qxe3 fxe3 45. Rd3 gxh5 46. Nf5 Rxd3 47. Rxd3
Kh7 48. g3 Re4 49. Nd6 Re7 50. Nf5 Re5 51. Nd6 Re7 52. Nf5 Rd7 53. Rxd7+ Nxd7
54. Kg2 Ne5 55. Nf4 Nxc4 56. Kf3 Na3 57. Nxh5 Nxb5 58. Nxe3 Bxe3 59. Kxe3 Nd6
60. Nf4 Nf5+ 61. Kf3 b5 62. Nd5 Nd6 63. Kf4 Kg6 64. Ke5 Nc4+ 65. Kf4 Nd6 66. Ke5
Nf7+ 67. Kf4 Nd8 68. Nb4 Ne6+ 69. Ke5 Nc5 70. Kd5 Nd7 71. Kc6 Nf6 72. Kxb5 Ne4
73. Kc4 Nxg3 74. Kd3 Kf5 75. Ke3 Kg4 76. Kf2 h5 77. Nd5 h4 78. Ne3+ Kg5 79. Kg2
Ne4 80. Kh3 Nf2+ 81. Kg2 Ng4 82. Nxg4 Kxg4 83. Kh2 h3 84. Kh1 Kh4 85. Kg1 Kg4
86. Kh1 Kg3 87. Kg1 h2+ 88. Kh1 Kh3 1/2-1/2

[Event "PRO League Group Stage"]
[Site "chess.com INT"]
[Date "2020.01.15"]
[Round "2"]
[White "Valsecchi, Alessio"]
[Black "Plichta, Kamil"]
[Result "0-1"]
[WhiteTitle "GM"]
[BlackTitle "FM"]
[WhiteElo "2512"]
[BlackElo "2353"]
[WhiteTeam "Italy Gladiators"]
[BlackTeam "Poland Hussars"]
[WhiteFideId "818860"]
[BlackFideId "1141830"]
[EventDate "2020.01.06"]

1. e4 c5 2. Nf3 e6 3. d4 cxd4 4. Nxd4 Nf6 5. Nc3 Nc6 6. Nxc6 bxc6 7. e5 Nd5 8.
Ne4 Bb7 9. a3 Qc7 10. f4 c5 11. Ng5 c4 12. Qh5 g6 13. Qe2 Rc8 14. c3 d6 15. Nf3
Bg7 16. h4 h5 17. Rh3 O-O 18. Rg3 Ne7 19. Bd2 Nf5 20. Rg5 Bxf3 21. gxf3 dxe5 22.
fxe5 Bxe5 23. O-O-O Rfd8 24. Bh3 Bf4 25. Rgg1 Rxd2 26. Rxd2 Rd8 27. Rd1 Rxd2 28.
Rxd2 Qd6 29. Bxf5 gxf5 30. Kc2 Qxd2+ 31. Qxd2 Bxd2 32. Kxd2 f4 33. a4 Kf8 34.
Kc2 Ke7 35. b4 cxb3+ 36. Kxb3 Kd6 37. Kc4 e5 38. Kd3 f5 39. Kc4 Kc6 40. Kd3 Kc5
41. Kd2 Kc4 42. Kc2 a5 43. Kd2 e4 44. Kc2 e3 0-1

[Event "PRO League Group Stage"]
[Site "chess.com INT"]
[Date "2020.01.15"]
[Round "2"]
[White "Bartel, Mateusz"]
[Black "Sonis, Francesco"]
[Result "1-0"]
[WhiteTitle "GM"]
[BlackTitle "IM"]
[WhiteElo "2639"]
[BlackElo "2458"]
[WhiteTeam "Poland Hussars"]
[BlackTeam "Italy Gladiators"]
[WhiteFideId "1112635"]
[BlackFideId "895733"]
[EventDate "2020.01.06"]

1. e4 e5 2. Nf3 Nc6 3. Bb5 a6 4. Ba4 Nf6 5. d3 b5 6. Bb3 Bb7 7. Nc3 Bc5 8. Be3
d6 9. O-O O-O 10. Qd2 Nd4 11. Bxd4 Bxd4 12. Nxd4 exd4 13. Ne2 c5 14. f3 d5 15.
a3 Re8 16. Ba2 Qb6 17. Kh1 Rad8 18. Ng3 c4 19. Rae1 dxe4 20. fxe4 Ng4 21. dxc4
bxc4 22. Bxc4 Ne5 23. Bb3 d3 24. Qg5 Qg6 25. Qf4 Bc8 26. cxd3 Rxd3 27. Bd5 Re7
28. Rc1 Qg4 29. h3 Qd7 30. Nf5 Re8 31. Qg5 Ng6 32. Bc6 Qe6 33. Bxe8 Qxe8 34.
Rxc8 Qxc8 35. Qxg6 hxg6 36. Ne7+ Kf8 37. Nxc8 Rd2 38. b4 Ke8 39. e5 Kf8 40. Nd6
f5 41. Nb7 Ke7 42. Nc5 Ra2 43. Rf3 a5 44. bxa5 Rc2 45. Nb3 Rc4 46. a6 Ra4 47.
Nc5 Rc4 48. a7 1-0

[Event "PRO League Group Stage"]
[Site "chess.com INT"]
[Date "2020.01.15"]
[Round "2"]
[White "Piorun, Kacper"]
[Black "Lodici, Lorenzo"]
[Result "1/2-1/2"]
[WhiteTitle "GM"]
[BlackTitle "IM"]
[WhiteElo "2611"]
[BlackElo "2477"]
[WhiteTeam "Poland Hussars"]
[BlackTeam "Italy Gladiators"]
[WhiteFideId "1130420"]
[BlackFideId "884189"]
[EventDate "2020.01.06"]

1. d4 Nf6 2. c4 b6 3. f3 Nc6 4. Nc3 e5 5. d5 Ne7 6. e4 Ng6 7. Be3 Bc5 8. Qd2 d6
9. g3 O-O 10. h4 Bxe3 11. Qxe3 h6 12. h5 Ne7 13. O-O-O a6 14. Kb1 c5 15. dxc6
Nxc6 16. Rh2 Be6 17. g4 b5 18. Rhd2 Nd4 19. Nge2 b4 20. Nd5 Bxd5 21. cxd5 Nxe2
22. Bxe2 Nd7 23. Qb3 Rb8 24. Qe3 Nc5 25. Rc1 Rc8 26. Rc4 Qh4 27. Rd1 Rb8 28. f4
exf4 29. Qxf4 Qe7 30. Qf5 Rfe8 31. Bf3 Qe5 32. Qxe5 Rxe5 33. Kc2 b3+ 34. axb3
Rxb3 35. Rf1 Re3 36. Kd2 Rb3 37. Kc2 Re3 38. Kd2 Rb3 39. Kc2 1/2-1/2

[Event "PRO League Group Stage"]
[Site "chess.com INT"]
[Date "2020.01.15"]
[Round "2"]
[White "Amin, Bassem"]
[Black "Diaz Camallonga, Carles"]
[Result "1-0"]
[WhiteTitle "GM"]
[BlackTitle "IM"]
[WhiteElo "2673"]
[BlackElo "2474"]
[WhiteTeam "Sweden Wasabis"]
[BlackTeam "Spain Raptors"]
[WhiteFideId "10601457"]
[BlackFideId "22235256"]
[EventDate "2020.01.06"]

1. e4 d6 2. d4 Nf6 3. Nc3 e5 4. Nf3 Nbd7 5. Bc4 Be7 6. a4 a5 7. O-O O-O 8. h3
Nb6 9. Bd3 Nfd7 10. Be3 c6 11. Re1 Bf6 12. d5 Nc5 13. Qe2 Re8 14. Bc4 Nxc4 15.
Qxc4 Qb6 16. Nd2 Qb4 17. Ra3 Bd7 18. Bxc5 Qxc5 19. Qxc5 dxc5 20. Rb3 Reb8 21.
Nc4 b5 22. dxc6 Be6 23. c7 Rf8 24. Nb6 Ra7 25. Nxb5 Rb7 26. Nd5 Bg5 27. Rd1 Rc8
28. Rc3 Bxd5 29. Rxd5 1-0

[Event "PRO League Group Stage"]
[Site "chess.com INT"]
[Date "2020.01.15"]
[Round "2"]
[White "Berg, Emanuel"]
[Black "Herrera Reyes, Jose Antonio"]
[Result "1/2-1/2"]
[WhiteTitle "GM"]
[BlackTitle "FM"]
[WhiteElo "2544"]
[BlackElo "2304"]
[WhiteTeam "Sweden Wasabis"]
[BlackTeam "Spain Raptors"]
[WhiteFideId "1704060"]
[BlackFideId "2274914"]
[EventDate "2020.01.06"]

1. e4 c5 2. Nf3 e6 3. d4 cxd4 4. Nxd4 a6 5. Bd3 Qc7 6. O-O Nf6 7. Qe2 d6 8. c4
Nbd7 9. Nc3 b6 10. Bd2 Bb7 11. Rae1 Be7 12. f4 h5 13. Nf3 h4 14. Ng5 h3 15. Nxh3
O-O-O 16. Nd1 Nc5 17. Ndf2 Nfd7 18. Bb1 e5 19. f5 g6 20. Ng4 a5 21. f6 Bf8 22.
Ng5 Nb8 23. Be3 Rh5 24. g3 Nc6 25. h4 Nd4 26. Bxd4 exd4 27. Qd2 Qd7 28. Rf4 Kb8
29. Bc2 Ka7 30. Bd1 Qc7 31. b3 Bc8 32. Nf2 Rh8 33. Qxd4 Bh6 34. Qd2 Ne6 35. Rf3
Bxg5 36. hxg5 Rh5 37. Rd3 Rxg5 38. Bg4 Rxg4 39. Nxg4 Nc5 40. Nf2 Bb7 41. Rf3 Ne6
42. Rd1 Qc5 43. Rd3 Ng5 44. Qe3 Qe5 45. Qf4 Qc5 46. Qe3 Qe5 47. Qf4 Qc5 48. Qe3 1/2-1/2

[Event "PRO League Group Stage"]
[Site "chess.com INT"]
[Date "2020.01.15"]
[Round "2"]
[White "Forcen Esteban, Daniel"]
[Black "Blomqvist, Erik"]
[Result "1-0"]
[WhiteTitle "GM"]
[BlackTitle "GM"]
[WhiteElo "2548"]
[BlackElo "2539"]
[WhiteTeam "Spain Raptors"]
[BlackTeam "Sweden Wasabis"]
[WhiteFideId "2288230"]
[BlackFideId "1709437"]
[EventDate "2020.01.06"]

1. c4 e6 2. Nf3 c5 3. e3 Nf6 4. b3 Be7 5. Bb2 O-O 6. Nc3 b6 7. g3 Bb7 8. Bg2 d5
9. O-O Qc8 10. Qe2 Rd8 11. d3 Nc6 12. Rad1 d4 13. Nb1 e5 14. e4 Ne8 15. Nfd2 Nd6
16. f4 a6 17. Nf3 f6 18. Rc1 Qd7 19. f5 Rdc8 20. Nbd2 b5 21. g4 bxc4 22. Nxc4
Nxc4 23. bxc4 Rcb8 24. h4 Qe8 25. Bh3 h6 26. Rf2 Bc8 27. Rg2 Qf7 28. g5 hxg5 29.
hxg5 Kf8 30. Ba3 Rb6 31. gxf6 gxf6 32. Nh4 Ke8 33. Ng6 Rab8 34. Qh5 Bd6 35. Qh8+
Kd7 36. Nxe5+ Nxe5 37. Rg7 Be7 38. Rxf7 Nxf7 39. Qg7 Rb1 40. Qxf7 Rxc1+ 41. Bxc1
Rb1 42. e5 Rxc1+ 43. Kf2 Rc2+ 44. Ke1 1-0

[Event "PRO League Group Stage"]
[Site "chess.com INT"]
[Date "2020.01.15"]
[Round "2"]
[White "Asis Gargatagli, Hipolito"]
[Black "Grigorov, Grigor"]
[Result "0-1"]
[WhiteTitle "GM"]
[BlackTitle "GM"]
[WhiteElo "2490"]
[BlackElo "2507"]
[WhiteTeam "Spain Raptors"]
[BlackTeam "Sweden Wasabis"]
[WhiteFideId "2260735"]
[BlackFideId "2907313"]
[EventDate "2020.01.06"]

1. e4 c6 2. d4 d5 3. e5 Bf5 4. Nf3 e6 5. Be2 c5 6. Be3 Qb6 7. Nc3 Nc6 8. O-O
Qxb2 9. g4 Bg6 10. Nb5 c4 11. Nc7+ Kd8 12. Rb1 Qxc2 13. Nxa8 Qxb1 14. Qxb1 Bxb1
15. Rxb1 Kc8 16. Bd1 Ba3 17. Ba4 Nge7 18. Ng5 Nd8 19. Bd2 h6 20. Nh3 Ndc6 21.
Bc3 Kb8 22. Nb6 axb6 23. Rxb6 Kc7 24. Rb1 Ra8 25. Bc2 Rb8 26. Rb5 b6 27. Nf4 Na7
28. Rb1 Nec6 29. Nh5 b5 30. Nxg7 Rg8 31. Nh5 Rxg4+ 32. Kf1 b4 33. Bd2 Rxd4 34.
Be3 Rh4 35. Nf6 Nb5 36. Bh7 Nxe5 37. Bd4 Nxd4 0-1